1335 1710 1792 1493 1913 1993 1972 1215 1070 1809 1035 1389 1437 1679 1752 1697 1793 1845 1239 1785 1845 1448 1913 1967 1582 1685 1126 1951 1056 1747 1265 1896 1850 1642 1077 1241 1204 1737 1353 1099 1480 1553 1859 1169 1134 1724 1359 1458 1359 1297 1526 1358 1228 1848 1799 1516 1732 1885 1574 1506 1969 1107 1849 1536 1665 1644 1372 1922 1097 1181 1717 1175 1767 1040 1113 1048 1775 1409 1722 1831 1780 1578 1476 1753 1270 1470 1632 1436 1704 1740 1022 1899 1946 1421 1254 1054 1726 1186 1132 BCNSPRNW ULIB Ver.6.0+V

เปลี่ยนเป็นภาษาไทย

Change to English
 แสดงรายละเอียดบรรณานุกรม
  กลับหน้าหลัก

Brief Record : Get Marc (ISO 2709) : E-mail record : QR code < ปิดหน้าต่าง
LEADER : 00000nam 2200000uu 4500
001    13399113600
003     ULIB
008    111128s2551||||th 000 0 tha d
020    ^a9789741367979
090    ^aนว.^bณ111ร 2551
100 0  ^aฌามิวอาห์&เจ้าหญิงผู้เลอโฉม
245 00 ^aTi Amo...รักเธอรสช็อกโกแลต/^cฌามิวอาห์&เจ้าหญิงผู้เลอโฉม
250    ^aพิมพ์ครั้งที่ 1
260    ^aกรุงเทพฯ :^bแจ่มใส,^c2551
300    ^a286 หน้า
710 1  ^aแจ่มใส
945    ^p189^l0^i15033
995    ^aทศพร
999    ^aใช้งานได้ทุกระบบ
รายการนี้ยังไม่มีแท็ก
คุณยังไม่ได้ล็อกอิน คุณสามารถมีกิจกรรมร่วมกับเว็บไซต์ได้ แต่ต้องล็อกอินก่อน ::
  ล็อกอิน

รายการสื่อสารสนเทศ

ลำดับที่ ประเภท เลขเรียก/บาร์โค้ด สถานที่ สถานะ
1. นวนิยาย
นวนิยาย
นว. ณ111ร 2551 ฉ.1 
  Barcode: 15033
ห้องสมุดวิทยาเขตสวรรค์ประชารักษ์
►นวนิยาย
บนชั้น
  ขอยืม

BibComment


ยังไม่เคยถูกคอมเมนท์

คอมเมนท์ทรัพยากรรายการนี้
  คอมเมนท์: Ti Amoรักเธอรสช็..


 Copyright 2026. Bcnsprnw @Library